000 01016nam a2200289Ia 4500
003 OSt
005 20221007123429.0
006 a|||||r|||| 00| 0
007 ta
008 221006b |||||||| |||| 00| 0 eng d
020 _a8120317491 (pbk)
_cRs.275.00
024 _a11099
037 _bMonika,
_cTextual
040 _aPAPL
_cPAPL
_beng
041 _2eng
_aeng
082 _aC5:3, P1
100 _aAruldhas G
_9714749
245 0 _aMolecular structure and spectroscopy by G Aruldhas
260 _aNew
_bDelhi Prentice-Hall of India Pvt. Ltd.
_c2001
300 _axiv, 409p
_ccm.
500 _aBibliography 403-404p; Index 405-409p; ^n23/CSL/C/2003-2004/969^d2003-11-10^mPurchase; ; 2003-04/508^b2003-11-24^c505^d2003-11-17^eRs.7,403.00^fMonika Book Distributors; ; 2004-01-06^bSB^c2004-01-06^dVinay
650 _a Molecular structure
_9713791
650 _a Spectroscopy
_9479665
650 _aPhysics
942 _hC5:3, P1
_cTEXL
_2CC
999 _c1211866
_d1211866